Catálogo

Derecho laboral : (Registro nro. 58702)

Detalles MARC
000 -LEADER
fixed length control field 00777nam a2200229 a 4500
001 - CONTROL NUMBER
control field 58702
005 - DATE AND TIME OF LATEST TRANSACTION
control field 20180714055413.0
008 - FIXED-LENGTH DATA ELEMENTS--GENERAL INFORMATION
fixed length control field 140415s2011 mx r 000 0 spa d
041 ## - LANGUAGE CODE
Language code of text/sound track or separate title spa
082 0# - DEWEY DECIMAL CLASSIFICATION NUMBER
Classification number 344.7201
Item number HER
100 1# - MAIN ENTRY--PERSONAL NAME
Personal name Hernández Herrera, Juan,
Relator term autor
245 00 - TITLE STATEMENT
Title Derecho laboral :
Remainder of title su importancia y aplicación en la empresa /
Statement of responsibility, etc. Juan Hernández Herrera, Carlos A. Juárez Suárez.
250 ## - EDITION STATEMENT
Edition statement segunda edición
264 #1 - PRODUCTION, PUBLICATION, DISTRIBUTION, MANUFACTURE, AND COPYRIGHT NOTICE
Place of production, publication, distribution, manufacture México :
Name of producer, publisher, distributor, manufacturer Grupo Editorial Patria,
Date of production, publication, distribution, manufacture, or copyright notice 2011
300 ## - PHYSICAL DESCRIPTION
Extent 311 páginas ;
Dimensions 25 cm.
336 ## - CONTENT TYPE
Content type term texto
Source rdacontent
337 ## - MEDIA TYPE
Media type term sin mediación
Source rdamedia
338 ## - CARRIER TYPE
Carrier type term volumen
Source rdacarrier
650 #4 - SUBJECT ADDED ENTRY--TOPICAL TERM
Topical term or geographic name entry element Derecho laboral
Geographic subdivision México
650 #4 - SUBJECT ADDED ENTRY--TOPICAL TERM
Topical term or geographic name entry element Relaciones laborales
700 1# - ADDED ENTRY--PERSONAL NAME
Personal name Juárez Suárez, Carlos A.,
Relator term autor
Existencias
Withdrawn status Lost status Source of classification or shelving scheme Damaged status Not for loan Collection code Home library Current library Shelving location Date acquired Source of acquisition Inventory number Total Checkouts Total Renewals Full call number Barcode Date last seen Date last checked out Price effective from Koha item type
    Dewey Decimal Classification     General Biblioteca Karol Wojtyla Biblioteca Karol Wojtyla Sala general 03/12/2013 Compra 151000000000000000046804 2 1 344.7201 HER 2011 88812 05/01/2026 20/11/2018 21/10/2016 Libro